| 000 -LEADER |
| fixed length control field |
00534nam a22001817a 4500 |
| 008 - FIXED-LENGTH DATA ELEMENTS--GENERAL INFORMATION |
| fixed length control field |
201024b 1985 ||||| |||| 00| 0 eng d |
| 020 ## - INTERNATIONAL STANDARD BOOK NUMBER |
| International Standard Book Number |
0851744508 |
| 082 ## - DEWEY DECIMAL CLASSIFICATION NUMBER |
| Classification number |
623.8881 |
| Item number |
THO |
| 100 ## - MAIN ENTRY--PERSONAL NAME |
| Personal name |
Thomas, R. E. |
| 245 ## - TITLE STATEMENT |
| Title |
Thomas stowage : the properties and stowage of cargoes |
| 260 ## - PUBLICATION, DISTRIBUTION, ETC. (IMPRINT) |
| Place of publication, distribution, etc |
Taiwan |
| Name of publisher, distributor, etc |
Brown, Son & Ferguson Ltd |
| Date of publication, distribution, etc |
1985 |
| 300 ## - PHYSICAL DESCRIPTION |
| Extent |
370p. |
| 650 ## - SUBJECT ADDED ENTRY--TOPICAL TERM |
| Topical term or geographic name as entry element |
Drums, Barrels, Casks, etc |
| 650 ## - SUBJECT ADDED ENTRY--TOPICAL TERM |
| Topical term or geographic name as entry element |
Refrigeration |
| 650 ## - SUBJECT ADDED ENTRY--TOPICAL TERM |
| Topical term or geographic name as entry element |
Wet damage |
| 700 ## - ADDED ENTRY--PERSONAL NAME |
| Personal name |
Thomas, O.O. |
| -- |
Agnew, John |
| -- |
Cole, K. L. |
| Relator term |
Co-author |
| 942 ## - ADDED ENTRY ELEMENTS (KOHA) |
| Item type |
Books |